Statistics for 10 Biggest Cities in the United States

Click here to take the quiz!

General Stats

  • This quiz has been taken 129 times
    (49 since last reset)
  • The average score is 18 of 29

Answer Stats

City Pop.Urban Area Pop.Metro Area Pop.City% Correct
8,491,07918,351,29520,092,883New York City
94%
3,928,86412,150,99613,262,220Los Angeles
91%
1,537,0583,629,114Phoenix
89%
2,239,5584,944,3326,490,180Houston
86%
5,502,3795,929,819Miami
86%
668,3423,059,393Seattle
86%
2,722,3898,608,2089,554,598Chicago
83%
4,515,4195,614,323Atlanta
80%
4,181,0194,732,161Boston
80%
1,381,0692,956,746San Diego
80%
852,4693,281,212San Francisco
80%
1,281,0475,121,8926,954,330Dallas
77%
4,586,7706,033,737Washington, DC
74%
912,791Austin
71%
2,374,203Denver
69%
1,560,2975,441,5676,051,170Philadelphia
69%
1,436,697San Antonio
60%
680,2503,734,090Detroit
57%
853,382Jacksonville
54%
2,650,890Minneapolis
51%
2,441,770Tampa
51%
1,015,785San Jose
46%
2,203,663Baltimore
43%
835,957Columbus
43%
848,788Indianapolis
43%
809,958Charlotte
34%
2,150,706St. Louis
31%
679,036El Paso
29%
812,238Forth Worth
3%

Score Distribution

Percentile by Number Answered

Percent of People with Each Score

Your Score History

You have not taken this quiz since the last reset